Culture Générale - Série 1117 - Statistiques

Statistiques générales
  • Ce quiz a été pris 106 fois
  • Le résultat moyen est 6 sur 10
Statistiques - réponses
Question Réponse % Correct
Quel cheval de petite taille peut être "pottok", "connemara" ou "shetland" ? poney
95%
Quel cycliste français était surnommé "Poupou" ? Raymond Poulidor
91%
Quel héros de BD paresseux et maladroit, créé par Franquin en 1957, est employé de bureau au journal Spirou ? Gaston Lagaffe
80%
De quel pays le Galatasaray est-il une équipe de foot ? Turquie
77%
De quel pays africain Mogadiscio est-elle la capitale ? Somalie
67%
A quel écrivain britannique doit-on "Le Livre de la Jungle" ? Rudyard Kipling
49%
Par quel nom de figure biblique désigne-t-on aussi la saucisse de Morteau ? Jésus
47%
Quel adjectif, synonyme de "plaisant", qualifie également une encre invisible ? sympathique
47%
En 2001, quelle actrice incarne la terrible épouse de Jacques Villeret dans "Un crime au paradis" ? Josiane Balasko
42%
A quel alphabet appartient la lettre "dalet" correspondant à notre "d" ? alphabet hébreu
24%
Aucun quiz correspondant
Distribution des résultats
% des personnes avec chaque résultat
Percentile par nombre de réponses
Votre historique - résultats
Vous n’avez pas pris ce quiz